000 01344nam a2200313Ia 4500
001 ebr10696093
003 CaPaEBR
006 m u
007 cr cn|||||||||
008 120913s2012 enka sb 001 0 eng d
020 _z1904380751 (Cloth)
020 _z9781904380757 (Cloth)
020 _z9781908162199
040 _aCaPaEBR
_cCaPaEBR
035 _a(OCoLC)843860476
050 1 4 _aHV6943
_b.D86 2012eb
100 1 _aDurston, Gregory.
245 1 0 _aWhores and highwaymen
_h[electronic resource] :
_bcrime and justice in the eighteenth-century Metropolis /
_cGregory J Durston.
246 3 0 _aCrime and justice in the eighteenth-century Metropolis
260 _aHook, Hampshire :
_bWaterside Press,
_c2012.
300 _a668 p. :
_bill. (some col.)
504 _aIncludes bibliographical references (p. 601-636) and index.
533 _aElectronic reproduction.
_bPalo Alto, Calif. :
_cebrary,
_d2013.
_nAvailable via World Wide Web.
_nAccess may be limited to ebrary affiliated libraries.
650 0 _aCrime
_zEngland
_xHistory
_y18th century.
650 0 _aCriminal justice, Administration of
_zGreat Britain
_xHistory.
655 7 _aElectronic books.
_2local
710 2 _aebrary, Inc.
856 4 0 _uhttp://site.ebrary.com/lib/rucke/Doc?id=10696093
_zAn electronic book accessible through the World Wide Web; click to view
999 _c23412
_d23412